MARC details
| 000 -LEADER |
| fixed length control field |
03651nam a2200457 i 4500 |
| 001 - CONTROL NUMBER |
| control field |
xb21726577 |
| 006 - FIXED-LENGTH DATA ELEMENTS--ADDITIONAL MATERIAL CHARACTERISTICS |
| fixed length control field |
m d |
| 007 - PHYSICAL DESCRIPTION FIXED FIELD--GENERAL INFORMATION |
| fixed length control field |
cr n |
| 008 - FIXED-LENGTH DATA ELEMENTS--GENERAL INFORMATION |
| fixed length control field |
150129t20142014enka sb 000 0 eng d |
| 020 ## - INTERNATIONAL STANDARD BOOK NUMBER |
| International Standard Book Number |
9781909254565 |
| Qualifying information |
(pdf) |
| 020 ## - INTERNATIONAL STANDARD BOOK NUMBER |
| International Standard Book Number |
9781909254572 |
| Qualifying information |
(epub) |
| 020 ## - INTERNATIONAL STANDARD BOOK NUMBER |
| International Standard Book Number |
9781909254589 |
| Qualifying information |
(mobi) |
| 020 ## - INTERNATIONAL STANDARD BOOK NUMBER |
| Canceled/invalid ISBN |
9781909254541 (Paperback) |
| 020 ## - INTERNATIONAL STANDARD BOOK NUMBER |
| Canceled/invalid ISBN |
9781909254558 (Hardback) |
| 035 ## - SYSTEM CONTROL NUMBER |
| System control number |
(OCoLC)900407883 |
| 040 ## - CATALOGING SOURCE |
| Original cataloging agency |
StSaUL |
| Language of cataloging |
eng |
| Description conventions |
rda |
| 043 ## - GEOGRAPHIC AREA CODE |
| Geographic area code |
e-no--- |
| 100 1# - MAIN ENTRY--PERSONAL NAME |
| Personal name |
Kyllingstad, Jon Røyne, |
| Relator term |
author. |
| 245 10 - TITLE STATEMENT |
| Title |
Measuring the master race |
| Medium |
[electronic resource] : |
| Remainder of title |
physical anthropology in Norway, 1890-1945 / |
| Statement of responsibility, etc. |
Jon Røyne Kyllingstad. |
| 264 #1 - PRODUCTION, PUBLICATION, DISTRIBUTION, MANUFACTURE, AND COPYRIGHT NOTICE |
| Name of producer, publisher, distributor, manufacturer |
Open Book Publishers, |
| 300 ## - PHYSICAL DESCRIPTION |
| Extent |
1 online resource (xxii, 248 pages) : |
| Other physical details |
illustrations. |
| 500 ## - GENERAL NOTE |
| General note |
A reworked and expanded English version of the original Norwegian: Kortskaller og langskaller : fysisk antropologi i Norge og striden om det nordiske herremennesket. Oslo : SAP, 2004. |
| 500 ## - GENERAL NOTE |
| General note |
Available through Open Book Publishers. |
| 504 ## - BIBLIOGRAPHY, ETC. NOTE |
| Bibliography, etc. note |
Includes bibliography (pages 233-247). |
| 505 0# - FORMATTED CONTENTS NOTE |
| Formatted contents note |
List of illustrations -- Foreword -- Introduction -- 1. The origin of the long-skulled Germanic race -- 2. The Germanic race and Norwegian nationalism -- 3. The Germanic race and Norwegian anthropology, 1880-1910 -- 4. Norwegian nationhood and the Germanic race, 1890-1910 -- 5. Racial hygiene and the Nordic race, 1900-1933 -- 6. Halfdan Bryn and the Nordic race -- 7. The Schreiners and the science of race -- 8. From collaboration to conflict : the racial survey of 1923-1929 -- 9. Science and ideology, 1925-1945 -- 10. The fall of the Nordic master race -- Selected bibliography -- Index. |
| 506 ## - RESTRICTIONS ON ACCESS NOTE |
| Terms governing access |
Open access resource providing free access. |
| 520 ## - SUMMARY, ETC. |
| Summary, etc. |
"The notion of a superior 'Germanic' or 'Nordic' race was a central theme in the ideology of the Nazis. But it was also a commonly accepted idea in the early twentieth century, and an actual scientific concept originating from anthropological research on the physical characteristics of Europeans. The Scandinavian Peninsula was considered to be the historical cradle and the core area of this 'master race'. This book investigates the role played by Scandinavian scholars in inventing this so-called superior race, and discusses how this concept put its stamp on Norwegian physical anthropology, prehistory, national identity, and on the Norwegian eugenics movement. It also explores the decline and scientific disputation of these ideas in the 1930s as they came to be associated with the 'genetic cleansing' of Nazi Germany. This is the first comprehensive study on Norwegian physical anthropology, and its findings shed new light on current political and scientific debates about race across the globe."--Publisher's website. |
| 538 ## - SYSTEM DETAILS NOTE |
| System details note |
Mode of access: World Wide Web. |
| 540 ## - TERMS GOVERNING USE AND REPRODUCTION NOTE |
| Terms governing use and reproduction |
This work is licensed under a Creative Commons Attribution 4.0 International license (CC BY 4.0). For more detailed information consult the publisher's website. |
| 650 #0 - SUBJECT ADDED ENTRY--TOPICAL TERM |
| Topical term or geographic name entry element |
Anthropometry |
| Geographic subdivision |
Norway |
| General subdivision |
History. |
| 650 #0 - SUBJECT ADDED ENTRY--TOPICAL TERM |
| Topical term or geographic name entry element |
Craniometry |
| Geographic subdivision |
Norway |
| General subdivision |
History. |
| 650 #0 - SUBJECT ADDED ENTRY--TOPICAL TERM |
| Topical term or geographic name entry element |
Physical anthropology |
| Geographic subdivision |
Norway |
| General subdivision |
History. |
| 700 12 - ADDED ENTRY--PERSONAL NAME |
| Personal name |
Kyllingstad, Jon Røyne. |
| Title of a work |
Kortskaller og langskaller. |
| Language of a work |
English. |
| 710 2# - ADDED ENTRY--CORPORATE NAME |
| Corporate name or jurisdiction name as entry element |
Open Book Publishers, |
| Relator term |
publisher. |
| 856 40 - ELECTRONIC LOCATION AND ACCESS |
| Uniform Resource Identifier |
<a href="http://doi.org/10.11647/OBP.0051">http://doi.org/10.11647/OBP.0051</a> |
| Public note |
Connect to e-book |
| 856 42 - ELECTRONIC LOCATION AND ACCESS |
| Uniform Resource Identifier |
<a href="http://www.openbookpublishers.com/shopimages/products/cover/123 ">http://www.openbookpublishers.com/shopimages/products/cover/123 </a> |
| Public note |
Connect to cover image |